000 00529nam a22001817a 4500
003 OSt
005 20140310182341.0
008 130312t xxu||||| |||| 00| 0 eng d
020 _a0140553347
050 _aPZ 8.1
_b.J15601 1995
082 _aGS 398.2
_bJ18 1995
245 _aOlder brother, younger brother :
_cretold by Nina Jaffe;
_ba Korean folktale /
260 _aNew York, N.Y., U.S.A. :
_bViking,
_c1995.
300 _c28 cm.
_bcol. ill. ;
650 _aFolklore
_xKorea.
_921759
942 _2lcc
_cBK-GS
999 _c12138
_d12138